<?xml version="1.0" encoding="UTF-8"?>
<collection xmlns="http://www.loc.gov/MARC21/slim">
    <record>
        <controlfield tag="001">12563</controlfield>
        <controlfield tag="005">20170831220515.0</controlfield>
        <datafield tag="037" ind1=" " ind2=" ">
            <subfield code="a">TAZ-TFM-2013-934</subfield>
        </datafield>
        <datafield tag="041" ind1=" " ind2=" ">
            <subfield code="a">spa</subfield>
        </datafield>
        <datafield tag="100" ind1="1" ind2=" ">
            <subfield code="a">Campaña Naranjo, Juan Carlos</subfield>
        </datafield>
        <datafield tag="245" ind1="0" ind2="0">
            <subfield code="a">Determinantes de la satisfacción de los estudiantes de la Universidad de Zaragoza ¿Qué estudiantes están más satisfechos con su vida universitaria?</subfield>
        </datafield>
        <datafield tag="260" ind1=" " ind2=" ">
            <subfield code="a">Zaragoza</subfield>
            <subfield code="b">Universidad de Zaragoza</subfield>
            <subfield code="c">2013</subfield>
        </datafield>
        <datafield tag="506" ind1=" " ind2=" ">
            <subfield code="a">by-nc-sa</subfield>
            <subfield code="b">Creative Commons</subfield>
            <subfield code="c">3.0</subfield>
            <subfield code="u">http://creativecommons.org/licenses/by-nc-sa/3.0/</subfield>
        </datafield>
        <datafield tag="520" ind1=" " ind2=" ">
            <subfield code="a">En el presente trabajo se analizan las diferencias existentes en el nivel de satisfacción de los estudiantes de las ramas de economía y empresa, ciencias de la salud, artes y filosofía y ciencias e ingeniería de la Universidad de Zaragoza, considerando sus características socio demográficas además de factores relacionados a las motivaciones intrínsecas y extrínsecas de los estudiantes. Los datos utilizados provienen de la encuesta “Los Universitarios Aragoneses y su Altruismo” del año 2011/2012, cuyos resultados nos arrojan que quienes se encuentran más satisfechos en esta etapa son los estudiantes de ciencias de la salud, mientras que los más insatisfechos son los de ciencias e ingeniería. Se encuentra que la crisis económica por la que está atravesando el país incide directamente en las expectativas que tienen los estudiantes; esto se pone de manifiesto en que la dificultad de abandonar la residencia familiar, depender de amigos o conocidos para encontrar trabajo y estimar tener que esperar al menos un año para poder trabajar, tengan una influencia negativa en el nivel de satisfacción; mientras que exista una influencia positiva por desempeñarse profesionalmente en el extranjero. Además se observa que la titulación seleccionada y realizar un máster/postgrado influyen positivamente en el nivel de satisfacción estudiantil; mientras que la edad, el curso, colaborar con la familia y haber seleccionado una titulación por motivos como una recomendación son determinantes para generar insatisfacción.</subfield>
        </datafield>
        <datafield tag="521" ind1=" " ind2=" ">
            <subfield code="a">Máster Universitario en Investigación en Economía</subfield>
        </datafield>
        <datafield tag="540" ind1=" " ind2=" ">
            <subfield code="a">Derechos regulados por licencia Creative Commons</subfield>
        </datafield>
        <datafield tag="653" ind1="1" ind2=" ">
            <subfield code="a">satisfacción de los estudiantes</subfield>
        </datafield>
        <datafield tag="653" ind1="1" ind2=" ">
            <subfield code="a">educación superior</subfield>
        </datafield>
        <datafield tag="653" ind1="1" ind2=" ">
            <subfield code="a">características individuales</subfield>
        </datafield>
        <datafield tag="653" ind1="1" ind2=" ">
            <subfield code="a">motivación</subfield>
        </datafield>
        <datafield tag="700" ind1=" " ind2=" ">
            <subfield code="a">Molina Chueca, José Alberto</subfield>
            <subfield code="e">dir.</subfield>
        </datafield>
        <datafield tag="700" ind1=" " ind2=" ">
            <subfield code="a">Giménez Nadal, José Ignacio</subfield>
            <subfield code="e">dir.</subfield>
        </datafield>
        <datafield tag="710" ind1="2" ind2=" ">
            <subfield code="a">Universidad de Zaragoza</subfield>
            <subfield code="b">Análisis Económico</subfield>
            <subfield code="c"></subfield>
        </datafield>
        <datafield tag="856" ind1="0" ind2=" ">
            <subfield code="f">667401@celes.unizar.es</subfield>
        </datafield>
        <datafield tag="856" ind1="4" ind2=" ">
            <subfield code="s">1709026</subfield>
            <subfield code="u">http://zaguan.unizar.es/record/12563/files/TAZ-TFM-2013-934.pdf</subfield>
            <subfield code="y">Memoria (spa)</subfield>
        </datafield>
        <datafield tag="909" ind1="C" ind2="O">
            <subfield code="o">oai:zaguan.unizar.es:12563</subfield>
            <subfield code="p">driver</subfield>
            <subfield code="p">trabajos-fin-master</subfield>
        </datafield>
        <datafield tag="950" ind1=" " ind2=" ">
            <subfield code="a"></subfield>
        </datafield>
        <datafield tag="980" ind1=" " ind2=" ">
            <subfield code="a">TAZ</subfield>
            <subfield code="b">TFM</subfield>
            <subfield code="c">ECON</subfield>
        </datafield>
    </record>

    
</collection>